00904nam a22002537a 450000500170000001000130001702000240003003500130005403700160006704000120008308200160009524500810011126000460019227000620023830000260030050000200032665000360034665000410038270000220042370000270044594200250047299900190049795201340051620170124110242.0 aB-129853 c2900.00a0195654455 aB-129853 bCen Lib/Ret aDPLbEN a954.16bMIL aThe millennium book of New Delhicedited by B.P. Singh [and] Pavan K. Varma  aNew DelhibOxford University Press c2001 bNew Delhia YMCA Library Building, Jai SIngh Roade110001 a257p.c27cm(Hb)bill. aincludes index  aDelhi (India) -- History927526 aNew Delhi (India) -- History.995512 aB.P. Singh995513 aVarma, Pavan K.913770 2ddccENh954.16mMIL c135244d135244 001040718REFaLbLd2015-10-03eCen Lib/Retg2900.00l0o954.16 MILpB-129853r2015-10-03 00:00:00t1v2900.00w2015-10-03yEN